Preparation and characterization of natural rubber-rice husk ash composites (Record no. 65543)

MARC details
000 -LEADER
fixed length control field 00490nam a2200121Ia 4500
100 ## - MAIN ENTRY--AUTHOR NAME
Personal name Ayswarya E P
245 #0 - TITLE STATEMENT
Title Preparation and characterization of natural rubber-rice husk ash composites
260 ## - PUBLICATION, DISTRIBUTION, ETC. (IMPRINT)
Name of publisher IRC 2012. International Rubber Conference, 28-31 October 2012, Kovalam, India, Rubber Research Institute of India, Kottayam and IRRDB, Malaysia: Abstracts. pp.110-111.
650 ## - SUBJECT ADDED ENTRY--TOPICAL TERM
Topical Term Rice husk ash
700 ## - ADDED ENTRY--PERSONAL NAME
Personal name Thachil E T
942 ## - ADDED ENTRY ELEMENTS (KOHA)
Koha item type Journals
Holdings
Withdrawn status Lost status Damaged status Not for loan Home library Current library Shelving location Date acquired Koha item type
      Journals RRII Library RRII Library Rubber technology 06/03/2013 Journals